000 00483nam a22001932 4500
001 0000005866
005 20170406121042.0
008 150526s xx 000 0 eng d
020 _c$
040 _aYour Holding Symbol
_cYour Holding Symbol
100 1 _aPirenne,Henri.
245 1 0 _aMedieval cities.
250 _a ed.
260 _aLondon :
_bgarden city,
_c1956.
300 _a185 p. ;
_c cm.
504 _aindex.
650 0 _apolitics.
908 _a150526
999 _c5634
_d5634